000 00562nam a2200157 a 4500
001 000029750
005 20250607073643.0
008 110425s1991 dr d 000 0 spa d
040 _aDO-SdBNP
_bspa
_cBNPHU
082 _axxx
_bR426p
110 1 _aRepública Dominicana.
_b Secretaria de Estado de Salud Pública y Asistencia Social (2001)
_956549
245 1 0 _aPrograma materno infantil.
260 _aSanto Domingo :
_bSecretaría de Estado de Salud Pública y Asistencia Social,
_c1991.
300 _a48 p. :
_bdiagrs ;
_c28 cm.
504 _aBibliografía : 48 p.
999 _c29242
_d29242